Ricostruisci la Carriera del Calciatore - Alex Telles - Statistics

Statistiche generali
  • Questo quiz è stato fatto 27 volte
  • Il punteggio medio è 6 su 8
Statistiche sulle risposte
Hint Risposta % Corretto
2023- Al-Nassr
84%
2013-2014 Grêmio
84%
2011-2012 Juventude
84%
2015-2016 Inter
68%
2016-2020 Porto
68%
2020-2022 Manchester Utd
63%
2014-2015 Galatasaray
53%
2022-2023 Siviglia
47%
Nessun quiz corrispondente trovato
Distribuzione punteggi
Percentuale di utenti per punteggio
Percentile per numero di risposta
I tuoi punteggi nel tempo
Non hai fatto questo quiz